Средства вербализации концепта "летательный аппарат" в публицистическом и научно-публицистическом дискурсе (на материале немецкого и русского языков); Коммуникативные аспекты языка и культуры; Ч. 2

Dades bibliogràfiques
Parent link:Коммуникативные аспекты языка и культуры: сборник материалов XV Международной научно-практической конференции студентов и молодых ученых, г. Томск, 19-21 мая 2015 г./ Национальный исследовательский Томский политехнический университет (ТПУ) ; ред. кол. С. А. Песоцкая ; О. А. Казакова ; О. В. Седельникова.— , 2015
Ч. 2.— 2015.— [С. 87-90]
Autor principal: Андреев К. П.
Autor corporatiu: Национальный исследовательский Томский политехнический университет
Altres autors: Седельникова О. В. Ольга Викторовна
Sumari:Заглавие с титульного экрана
В статье рассматривается концепт как базовое понятие когнитивной лингвистики. Исследование концептов и способов их вербализации является одним из способов реконструкции языковой картины мира многих народов, что объясняет актуальность данной статьи. В статье проведен анализ средств вербализации концепта "Летательный аппарат" в публицистическом и научно-публицистическом дискурсе.
The term concept is the basis for a number of sciences, for example, for cognitive linguistics. A study of concepts and methods of concept verbalization is the way of reconstruction of linguistic world view of many people which explains the relevance of this article. The article investigates the methods of verbalization of the concept «flying machine» in publicistic and scientific-publicistic discourse.
Idioma:rus
Publicat: 2015
Col·lecció:Функциональные аспекты когнитивных и лингвокультурологических исследований
Matèries:
Accés en línia:http://earchive.tpu.ru/handle/11683/18481
http://www.lib.tpu.ru/fulltext/c/2015/C77/V2/021.pdf
Format: MixedMaterials Electrònic Capítol de llibre
KOHA link:https://koha.lib.tpu.ru/cgi-bin/koha/opac-detail.pl?biblionumber=616329

MARC

LEADER 00000naa2a2200000 4500
001 616329
005 20250903111721.0
035 |a (RuTPU)RU\TPU\conf\14567 
035 |a RU\TPU\conf\14564 
090 |a 616329 
100 |a 20151223d2015 k y0rusy50 ca 
101 0 |a rus 
102 |a RU 
105 |a y z 101zy 
135 |a drcn ---uucaa 
181 0 |a i  
182 0 |a b 
200 1 |a Средства вербализации концепта "летательный аппарат" в публицистическом и научно-публицистическом дискурсе (на материале немецкого и русского языков)  |d Methods of verbalization of the concept "flying machine" in the publicistic and scientific-publicistic discourse (based on the German and the Russian languages)  |f К. П. Андреев, О. В. Седельникова 
203 |a Текст  |c электронный 
225 1 |a Функциональные аспекты когнитивных и лингвокультурологических исследований 
300 |a Заглавие с титульного экрана 
320 |a [Библиогр.: с. 89 (7 назв.)] 
330 |a В статье рассматривается концепт как базовое понятие когнитивной лингвистики. Исследование концептов и способов их вербализации является одним из способов реконструкции языковой картины мира многих народов, что объясняет актуальность данной статьи. В статье проведен анализ средств вербализации концепта "Летательный аппарат" в публицистическом и научно-публицистическом дискурсе. 
330 |a The term concept is the basis for a number of sciences, for example, for cognitive linguistics. A study of concepts and methods of concept verbalization is the way of reconstruction of linguistic world view of many people which explains the relevance of this article. The article investigates the methods of verbalization of the concept «flying machine» in publicistic and scientific-publicistic discourse. 
337 |a Adobe Reader 
461 1 |0 (RuTPU)RU\TPU\conf\14267  |t Коммуникативные аспекты языка и культуры  |o сборник материалов XV Международной научно-практической конференции студентов и молодых ученых, г. Томск, 19-21 мая 2015 г.  |o в 3 ч.  |f Национальный исследовательский Томский политехнический университет (ТПУ) ; ред. кол. С. А. Песоцкая ; О. А. Казакова ; О. В. Седельникова  |d 2015 
463 0 |0 (RuTPU)RU\TPU\conf\14269  |t Ч. 2  |v [С. 87-90]  |d 2015 
510 1 |a Methods of verbalization of the concept "flying machine" in the publicistic and scientific-publicistic discourse (based on the German and the Russian languages)  |z eng 
610 1 |a труды учёных ТПУ 
610 1 |a электронный ресурс 
610 1 |a вербализация 
610 1 |a когнитивная лингвистика 
610 1 |a немецкий язык 
610 1 |a русский язык 
610 1 |a дискурс 
700 1 |a Андреев  |b К. П. 
701 1 |a Седельникова  |b О. В.  |c лингвист  |c профессор Томского политехнического университета, доктор филологических наук  |f 1972-  |g Ольга Викторовна  |3 (RuTPU)RU\TPU\pers\24608  |9 10898 
712 0 2 |a Национальный исследовательский Томский политехнический университет  |c (2009- )  |9 26305 
801 2 |a RU  |b 63413507  |c 20210216  |g RCR 
856 4 |u http://earchive.tpu.ru/handle/11683/18481 
856 4 |u http://www.lib.tpu.ru/fulltext/c/2015/C77/V2/021.pdf 
942 |c BK